| 000 | 00640nam a2200229Ia 4500 | ||
|---|---|---|---|
| 001 | 11357 | ||
| 003 | GE_BSU | ||
| 008 | 181216s||||||||xx |||||||||||||| ||und|| | ||
| 020 | _a9785922809467 | ||
| 040 | _cGE_BSU | ||
| 080 | _a327 | ||
| 100 | _aЛебедева,М.М; М.В.Харкевич; П.И.Касаткин. | ||
| 245 | _aГлобальное управление. | ||
| 245 | _bМонография. | ||
| 260 | _aМосква. | ||
| 260 | _bМгимо-Университет. | ||
| 260 | _c2013. | ||
| 300 | _a220СТР;20СМ. | ||
| 541 | _h36л. | ||
| 653 | _aГлобальное управление. | ||
| 942 | _cBK | ||
| 999 |
_c44554 _d44554 |
||